000 00374cam a2200145ua 4500
003 OSt
008 241028b |||||||| |||| 00| 0 eng d
041 _aeng
082 _a621.47
_bSIN/NA
100 _aSingh, M.P .
_96327
245 _aNatural resources and renewable energy /
260 _aDelhi :
_bDaya publishing House ,
_c2004.
300 _axi + 472 ;
942 _cBK
999 _c13133
_d13133